| 000 | 00765nam a2200145 a 4500 | ||
|---|---|---|---|
| 008 | 100727s2008 ||||||||||||||||| || u | ||
| 050 | _aCOMESA(02) | ||
| 110 | _aCommon Market for Eastern and Southern Africa (COMESA) | ||
| 245 | 1 | 0 | _aMethodologies to calculate cost of conflicts in the COMESA region |
| 260 |
_aLusaka _bCommon Market for Eastern and Southern Africa (COMESA) _c2008 |
||
| 300 | _aviii, 53p. | ||
| 350 | _a0.00 | ||
| 995 |
_aSPECIAL COLLECTIONS _D0.00 _e03006998 _FCBU-MAIN LIBRARY (Kitwe) _H1 _I0.00 _jCOMESA(02)2008/5A _M1 _UAVAILABLE _WAug 25, 2010 _y03006998 _ZInternational Publications |
||
| 995 |
_aSPECIAL COLLECTIONS _D0.00 _e03006999 _FCBU-MAIN LIBRARY (Kitwe) _H1 _I0.00 _jCOMESA(02)2008/5B _M2 _UAVAILABLE _WAug 25, 2010 _y03006999 _ZInternational Publications |
||
| 999 |
_c82881 _d82881 |
||